| 000 | 01037nam a22003017a 4500 | ||
|---|---|---|---|
| 003 | EG-ScBUE | ||
| 005 | 20220825110220.0 | ||
| 008 | 090709t2008 gw a f 000 0 eng d | ||
| 020 | _a9783833150241 | ||
| 040 |
_aEG-ScBUE _beng _erda _cEG-ScBUE _dEG-ScBUE |
||
| 082 | 0 | 4 |
_a720.108 _bWAT _222 |
| 245 | 0 | 0 |
_aWater = _bWasser / Eau _c[edited by] Joachim Fischer ; translation into English, Margaret Buchanan ; translation into French, Jean-Luc Lesouef. |
| 246 | 3 | 1 | _aWasser / Eau |
| 264 | 1 |
_aKöln : _bh.f. ullmann, _c[2008] |
|
| 264 | 4 | _cc2008 | |
| 300 |
_a287 pages : _bcolor illustrations ; _c23 cm. |
||
| 336 |
_2rdacontent _atext _btxt |
||
| 337 |
_2rdamedia _aunmediated _bn |
||
| 338 |
_2rdacarrier _avolume _bnc |
||
| 490 | 0 | _aArchitecture compact | |
| 546 | _aText in English ; translated from the original French and German | ||
| 650 | 7 |
_aWater and architecture. _2BUEsh _97812 |
|
| 651 | _2BUEsh | ||
| 653 | _bENGARC | ||
| 655 |
_vReading book _934232 |
||
| 700 | 1 |
_aFischer, Joachim, _eeditor. _97813 |
|
| 942 |
_2ddc _cBB |
||
| 999 |
_c12272 _d12272 |
||